Представление документа в формате MARC21

Поле Инд. ПП Название Значение
Тип записи a
Библиографический уровень m
001 _ Контрольный номер RU/URAIT/535889
005 _ Дата корректировки 20250915104041.1
008 Кодируемые данные 140911s2024 RU y f j 000 0 rus u
020 a ISBN 978-5-534-03318-2
c Цена, тираж 1589.00
040 a Служба первич. каталог. ИКО Юрайт
c Служба, преобразующая запись ИКО Юрайт
e Правила каталог. RCR
041 a Код языка текста rus
044 a Код страны публикации RU
080 a Индекс УДК 930.2(075.8)
084 2 Источник индекса rubbk
a Индекс другой классификации/Индекс ББК 63.2я73
100 1_ a Автор Сиренов Алексей Владимирович
q Полное имя Алексей Владимирович
245 a Заглавие Источниковедение
b Продолж. заглавия учебник для вузов
c Ответственность А. В. Сиренов [и др.] ; под редакцией А. В. Сиренова.
256 a Характеристики компьютерного файла Электрон. дан.
260 a Место издания Москва
b Издательство Юрайт
c Дата издания 2024
300 a Объем 396 с
440 a Серия Высшее образование
500 a Примечание URL: https://urait.ru/bcode/535889 (дата обращения: 09.02.2024).
520 a Аннотация Учебник написан на основе учебно-методологической базы и научно-педагогических традиций исторического факультета Санкт-Петербургского государственного университета. Отличительной особенностью книги является то, что в ней освещается наиболее широкий круг источников. Многие вопросы рассмотрены в рамках учебника для высшей школы впервые. Издание способно оказать существенную пользу преподавателям, поскольку множественность тем позволяет составлять на основе данного учебника вариативные авторские курсы и спецкурсы.
538 a Прим. о системных особенностях Режим доступа: Электронно-библиотечная система Юрайт, для авториз. пользователей
653 a Ключевые слова История
653 a Ключевые слова Общественные науки
653 a Ключевые слова Источниковедение
653 a Ключевые слова Основы теории источниковедения
653 a Ключевые слова Основы источниковедения
653 a Ключевые слова Источниковедение и историография
653 a Ключевые слова Общее источниковедение
653 a Ключевые слова Гуманитарное источниковедение
653 a Ключевые слова Историография и источниковедение
700 1_ a Другие авторы Твердюкова Елена Дмитриевна
q Полное имя Елена Дмитриевна
700 1_ a Другие авторы Филюшкин Александр Ильич
q Полное имя Александр Ильич
700 1_ a Другие авторы Корогодина Мария Владимировна
q Полное имя Мария Владимировна
700 1_ a Другие авторы Смирнова Светлана Сергеевна
q Полное имя Светлана Сергеевна
856 40 n Местонахождение сервера Юрайт
g Электронная книга
q Тип электронного формата html
h Имя пользователя ЮРАЙТ
v Часы доступа к ресурсу 20240803
2 Способ доступа Показать документ
x Примечание для ЭОР https://urait.ru/book/cover/3483D607-1FE9-4EA4-AA7C-12CEE2C90047
u URL https://urait.ru/bcode/535889
z Примечание для пользователя Участвует в КО
856 41 q Тип электронного формата cover
u URL https://urait.ru/book/cover/3483D607-1FE9-4EA4-AA7C-12CEE2C90047